Football clubs by country 3 - Statistics

General Stats
  • This quiz has been taken 15 times
  • The average score is 11 of 20
Answer Stats
Club Country % Correct
APOEL Nicosia Cyprus
100%
Celtic Scotland
100%
Dynamo kyiv Ukraine
100%
Guangzhou Evergrande China PR
92%
Portsmouth England
92%
América Mexico
92%
DC United USA
92%
Hrvatski Dragovoljac Croatia
85%
Rubin Kazan Russia
85%
Perth Glory Australia
77%
Guingamp France
77%
Racing Club Argentina
54%
Velež Mostar Bosnia and Herzegovina
23%
Zalaegerszegi TE Hungary
23%
Koper Slovenia
15%
Supersport United South Africa
15%
San José Bolivia
8%
Ma Pau Trinidad and Tobago
8%
Tuktoko University Papua New Guinea
0%
WWS Rangers Zimbabwe
0%
No matching quizzes found
Score Distribution
Percent of People with Each Score
Percentile by Number Answered
Your Score History
You have not taken this quiz